000 00399nam a2200145Ia 4500
008 231019s9999 xx 000 0 und d
020 _a1-84390-959-6
082 _a657.076
_bLYN-C
100 _aFoulks Lynch
245 0 _aCAT Paper 2 Information for Management Control Study Text
260 _aLahore, Pakistan
_bKaplan Publishing
_c2006-07
300 _a225
650 _aAccounting
999 _c34461
_d34461